[Event "CAN-ch"]
[Site "Toronto CAN"]
[Date "2025.04.18"]
[Round "3.14"]
[White "Duong, Thanh Nha"]
[Black "Windram, James"]
[Result "1/2-1/2"]
[WhiteElo "2182"]
[BlackElo "1953"]
[WhiteFideId "-1"]
[WhiteFideId "-1"]
[PlyCount "177"]
[GameId "2174161162089209"]
[EventDate "2025.04.17"]
[EventType "swiss"]
[EventRounds "9"]
[EventCountry "CAN"]

1. d4 Nf6 2. Bf4 e6 3. e3 c5 4. Nd2 Be7 5. Ngf3 O-O 6. Bd3 b6 7. Qe2 d6 8. c3 cxd4 9. exd4 Bb7 10. O-O Nbd7 11. h3 Re8 12. Bh2 Bf8 13. Ne4 Nxe4 14. Bxe4 Bxe4 15. Qxe4 Qc7 16. Rfd1 b5 17. a4 Qb6 18. axb5 Qxb5 19. Qc2 Rec8 20. Qa4 Qb7 21. Nd2 d5 22. Rdb1 a5 23. Ra2 Nb6 24. Qb5 Qc6 25. Qxc6 Rxc6 26. Rba1 a4 27. Nb1 Rcc8 28. Kf1 f6 29. Ke2 Kf7 30. Kd3 Ke8 31. Nd2 Kd8 32. g4 Be7 33. Bg3 Bf8 34. h4 Ke8 35. h5 Be7 36. Bf4 Kf7 37. Rg1 h6 38. Be3 Nc4 39. Nxc4 dxc4+ 40. Kc2 Ra5 41. Raa1 Rb8 42. Bd2 Rb3 43. Ra2 Rb8 44. Bf4 Rb7 45. Be3 Rb8 46. f4 Ke8 47. Re1 Kd7 48. Bd2 Rb7 49. Raa1 Bd8 50. Re2 Be7 51. Bc1 Rb3 52. Rf2 Rb7 53. Kd2 Rba7 54. Ke3 f5 55. Kf3 fxg4+ 56. Kxg4 Rf5 57. Be3 Raa5 58. Rh2 Bd6 59. Kf3 Ke7 60. Ke4 Kf7 61. Rhh1 Rfb5 62. Rh2 Rb3 63. Rc1 a3 64. bxa3 Raxa3 65. Bd2 Ra2 66. Rf2 Rbb2 67. Rd1 Ke7 68. d5 Bc5 69. Re2 Kd6 70. dxe6 Kxe6 71. f5+ Kf6 72. Kd5 Be3 73. Rxe3 Rxd2+ 74. Rxd2 Rxd2+ 75. Kxc4 Kxf5 76. Rf3+ Kg4 77. Rf7 Kxh5 78. Rxg7 Kh4 79. Kb3 h5 80. c4 Kh3 81. Kc3 Rd1 82. c5 Rc1+ 83. Kd4 h4 84. Kd5 Kh2 85. c6 h3 86. c7 Kh1 87. Kd6 h2 88. Kd7 Rxc7+ 89. Kxc7 1/2-1/2

[Event "CAN-ch"]
[Site "Toronto CAN"]
[Date "2025.04.18"]
[Round "3.15"]
[White "Gavrilin, Roman"]
[Black "Zhang, Brian"]
[Result "1/2-1/2"]
[WhiteElo "2170"]
[BlackElo "1951"]
[WhiteFideId "-1"]
[WhiteFideId "-1"]
[PlyCount "59"]
[GameId "2174161162105594"]
[EventDate "2025.04.17"]
[EventType "swiss"]
[EventRounds "9"]
[EventCountry "CAN"]

1. e4 c5 2. Nf3 a6 3. c4 Nc6 4. d4 cxd4 5. Nxd4 e5 6. Nb3 Nf6 7. Nc3 Bb4 8. Bd3 Bxc3+ 9. bxc3 d6 10. O-O Be6 11. h3 Rc8 12. Be3 O-O 13. Rb1 Na5 14. Nxa5 Qxa5 15. Qe2 b5 16. cxb5 axb5 17. Rxb5 Qxa2 18. Rb2 Qa3 19. Bg5 Nd7 20. Rc2 h6 21. Bd2 Nc5 22. Re1 Nxd3 23. Qxd3 Rfd8 24. Qg3 Kh7 25. Qh4 d5 26. Rcc1 Qd6 27. exd5 Qxd5 28. Be3 Qc4 29. Qh5 Rd5 30. Qe2 1/2-1/2

[Event "CAN-ch"]
[Site "Toronto CAN"]
[Date "2025.04.18"]
[Round "3.16"]
[White "Kalinin, Dzmitry"]
[Black "Zhao, Jifan"]
[Result "1-0"]
[WhiteElo "2119"]
[BlackElo "1890"]
[WhiteFideId "-1"]
[WhiteFideId "-1"]
[PlyCount "55"]
[GameId "2174161162105595"]
[EventDate "2025.04.17"]
[EventType "swiss"]
[EventRounds "9"]
[EventCountry "CAN"]

1. d4 d5 2. c4 dxc4 3. Nf3 Nf6 4. Qa4+ c6 5. Qxc4 e6 6. Nc3 Nbd7 7. e4 Be7 8. Bf4 Qa5 9. Bd3 c5 10. O-O O-O 11. e5 Nh5 12. Bd2 g6 13. d5 exd5 14. Nxd5 Qd8 15. Rad1 Nb6 16. Nxe7+ Qxe7 17. Qc2 Nd5 18. Bg5 Qc7 19. Bxg6 hxg6 20. Rxd5 b6 21. Rfd1 Bf5 22. Qa4 Ng7 23. Qh4 Be6 24. Bf6 Nh5 25. Rd6 Rfd8 26. g4 Qb7 27. Ng5 Nxf6 28. exf6 1-0

[Event "CAN-ch"]
[Site "Toronto CAN"]
[Date "2025.04.18"]
[Round "3.17"]
[White "Blair, Michael"]
[Black "Lin, Leo"]
[Result "0-1"]
[WhiteElo "1840"]
[BlackElo "2119"]
[WhiteFideId "-1"]
[WhiteFideId "-1"]
[PlyCount "98"]
[GameId "2174161162105596"]
[EventDate "2025.04.17"]
[EventType "swiss"]
[EventRounds "9"]
[EventCountry "CAN"]

1. e4 c5 2. Nf3 d6 3. d4 cxd4 4. Nxd4 Nf6 5. Nc3 Nc6 6. Bc4 g6 7. Nxc6 bxc6 8. e5 Ng4 9. e6 Ne5 10. exf7+ Kd7 11. Bb3 e6 12. Ne4 Nxf7 13. Bxe6+ Kxe6 14. Qg4+ Ke7 15. Qh4+ Kd7 16. Nf6+ Ke6 17. O-O Qxf6 18. Re1+ Ne5 19. Bg5 Qf5 20. f4 h6 21. g4 Kf7 22. fxe5 Qxg5 23. Qf2+ Kg8 24. Re4 d5 25. Rf4 Bc5 26. Qxc5 Qxf4 27. Qxc6 Qxg4+ 28. Kh1 Qf3+ 29. Kg1 Rb8 30. Qxg6+ Kf8 31. Rf1 Qxf1+ 32. Kxf1 Rb6 33. Qg3 Rh7 34. Qe3 Rf7+ 35. Ke1 Kg7 36. Qd4 Be6 37. b3 Rc6 38. Kd1 Rfc7 39. Qg1+ Kh7 40. Qe3 Bg4+ 41. Ke1 Rxc2 42. Qf4 Re2+ 43. Kf1 Rxa2 44. e6 Bh3+ 45. Ke1 Rg7 46. Qe3 Rg1+ 47. Qxg1 Ra1+ 48. Kf2 Rxg1 49. Kxg1 Bxe6 0-1

[Event "CAN-ch"]
[Site "Toronto CAN"]
[Date "2025.04.18"]
[Round "3.18"]
[White "Mutyalapati, Modith Aaroh"]
[Black "Wu, Nathan"]
[Result "1-0"]
[WhiteElo "1985"]
[BlackElo "2083"]
[WhiteFideId "-1"]
[WhiteFideId "-1"]
[PlyCount "95"]
[GameId "2174161162113789"]
[EventDate "2025.04.17"]
[EventType "swiss"]
[EventRounds "9"]
[EventCountry "CAN"]

1. e4 d5 2. exd5 Qxd5 3. Nc3 Qd6 4. d4 Nf6 5. Nf3 c6 6. Bc4 Bg4 7. Be3 e6 8. Qd2 Bxf3 9. gxf3 Qb4 10. Bb3 Nd5 11. a3 Qa5 12. Ne4 Qxd2+ 13. Bxd2 Nd7 14. c4 N5f6 15. Bc3 h6 16. O-O-O O-O-O 17. d5 exd5 18. cxd5 Nc5 19. Nxc5 Bxc5 20. dxc6 Rxd1+ 21. Rxd1 bxc6 22. Rg1 Nd5 23. Rxg7 Nxc3 24. bxc3 Bxa3+ 25. Kc2 Rf8 26. f4 Bd6 27. f5 f6 28. Rxa7 Kb8 29. Rh7 Bxh2 30. Rxh6 Bf4 31. Rh4 Bd6 32. Rc4 Kb7 33. Ba4 c5 34. Re4 Be5 35. Kd3 Rh8 36. Rxe5 fxe5 37. Ke4 Rh4+ 38. Kxe5 Rxa4 39. f6 Kc7 40. f7 Ra8 41. Ke6 Ra6+ 42. Ke7 Ra8 43. f4 Kc6 44. f8=Q Rxf8 45. Kxf8 Kd5 46. Ke7 Ke4 47. Kd6 c4 48. Kc5 1-0

[Event "CAN-ch"]
[Site "Toronto CAN"]
[Date "2025.04.18"]
[Round "3.19"]
[White "Zhong, Ryan Yunhui"]
[Black "Tan, Brendan"]
[Result "1/2-1/2"]
[WhiteElo "2078"]
[BlackElo "1960"]
[WhiteFideId "-1"]
[WhiteFideId "-1"]
[PlyCount "66"]
[GameId "2174161162113790"]
[EventDate "2025.04.17"]
[EventType "swiss"]
[EventRounds "9"]
[EventCountry "CAN"]

1. e4 c5 2. Nf3 d6 3. Bb5+ Bd7 4. Bxd7+ Nxd7 5. O-O Ngf6 6. Re1 e6 7. c3 Be7 8. d4 O-O 9. b3 cxd4 10. cxd4 d5 11. e5 Ne4 12. Nfd2 Bb4 13. a3 Nxd2 14. Bxd2 Bxd2 15. Nxd2 Qh4 16. Nf3 Qe7 17. Qd3 Rac8 18. Qb5 Rc7 19. Qa4 a6 20. Rec1 Rfc8 21. Rxc7 Rxc7 22. Qa5 Qd8 23. Ne1 Qc8 24. Qd2 Rc3 25. Rb1 h6 26. Rb2 Nb8 27. Kf1 Qc6 28. Rc2 Qb5+ 29. Kg1 Rxc2 30. Qxc2 Nc6 31. Nf3 Qa5 32. Qb2 Qb5 33. Qc2 Qa5 1/2-1/2

[Event "CAN-ch"]
[Site "Toronto CAN"]
[Date "2025.04.18"]
[Round "3.20"]
[White "Joseph, Jonath"]
[Black "Kola, Venkat Karthikeya R"]
[Result "1-0"]
[WhiteElo "2034"]
[BlackElo "1940"]
[WhiteFideId "-1"]
[WhiteFideId "-1"]
[PlyCount "111"]
[GameId "2174161162113791"]
[EventDate "2025.04.17"]
[EventType "swiss"]
[EventRounds "9"]
[EventCountry "CAN"]

1. Nf3 Nf6 2. c4 e6 3. Nc3 d5 4. e3 Be7 5. d4 O-O 6. Bd3 dxc4 7. Bxc4 c5 8. O-O b6 9. Qe2 Bb7 10. Rd1 Nbd7 11. e4 cxd4 12. Nxd4 Bc5 13. Bg5 Qb8 14. Bh4 Qf4 15. Bg3 Qh6 16. Nxe6 fxe6 17. Bxe6+ Kh8 18. Bxd7 Nh5 19. Rf1 Nxg3 20. hxg3 Qd6 21. Qg4 Qd2 22. Bf5 g6 23. Rad1 Qh6 24. Be6 Ba6 25. Na4 Bxf1 26. Nxc5 bxc5 27. Rxf1 Qg7 28. Qe2 Qd4 29. Bc4 Rae8 30. Re1 Re5 31. Bd5 Rh5 32. Rf1 Re8 33. Rd1 Qf6 34. f4 Qb6 35. Bc4 Rf5 36. Qc2 Rff8 37. Rd7 Qf6 38. e5 Qf5 39. Qd2 Rb8 40. e6 Qf6 41. b3 Rbe8 42. Rxa7 Re7 43. Rxe7 Qxe7 44. Qe3 Rd8 45. Qe5+ Qg7 46. Qxc5 Rd1+ 47. Bf1 Rd8 48. g4 Qf6 49. f5 g5 50. a4 Kg7 51. a5 Rd1 52. a6 Qd8 53. Qc3+ Kh6 54. Qe3 Qa5 55. e7 Qxa6 56. Qe6+ 1-0

[Event "CAN-ch"]
[Site "Toronto CAN"]
[Date "2025.04.18"]
[Round "3.21"]
[White "Liu, Sean"]
[Black "Hoekman, Samuel"]
[Result "1-0"]
[WhiteElo "1937"]
[BlackElo "1994"]
[WhiteFideId "-1"]
[WhiteFideId "-1"]
[PlyCount "49"]
[GameId "2174161162113792"]
[EventDate "2025.04.17"]
[EventType "swiss"]
[EventRounds "9"]
[EventCountry "CAN"]

1. e4 e6 2. Nf3 d5 3. Nc3 Nf6 4. e5 Nfd7 5. d4 c5 6. dxc5 Nc6 7. Bf4 Bxc5 8. Bd3 Be7 9. O-O g5 10. Bg3 g4 11. Nd2 Ndxe5 12. Bb5 Nd7 13. Qxg4 Nf6 14. Qe2 Bd7 15. Nf3 a6 16. Bxc6 Bxc6 17. Ne5 Nd7 18. Rfe1 Nxe5 19. Bxe5 Bf6 20. Rad1 O-O 21. Rd3 Kh8 22. Qh5 Rg8 23. Rf3 Rg6 24. Rxf6 Rxf6 25. Qg5 1-0

[Event "CAN-ch"]
[Site "Toronto CAN"]
[Date "2025.04.18"]
[Round "3.22"]
[White "Bao, Tony"]
[Black "Siddeley, Hugh"]
[Result "1/2-1/2"]
[WhiteElo "1979"]
[BlackElo "1923"]
[WhiteFideId "-1"]
[WhiteFideId "-1"]
[PlyCount "79"]
[GameId "2174161162121985"]
[EventDate "2025.04.17"]
[EventType "swiss"]
[EventRounds "9"]
[EventCountry "CAN"]

1. c4 Nf6 2. g3 e6 3. Bg2 d5 4. Nf3 Be7 5. O-O O-O 6. b3 b6 7. d4 Bb7 8. Nc3 c5 9. dxc5 Bxc5 10. cxd5 Nxd5 11. Nxd5 Bxd5 12. Bb2 Nc6 13. Rc1 Rc8 14. Qd3 f5 15. Rfd1 Qe7 16. Qb1 Be4 17. Qa1 Nb4 18. Ne1 a5 19. a3 Nd5 20. Nd3 Bxg2 21. Kxg2 Bd6 22. e3 h5 23. Nf4 Bxf4 24. exf4 Qb7 25. Kg1 h4 26. Rxc8 Rxc8 27. Rd2 Rc7 28. Qe1 Qc6 29. h3 Rd7 30. Kh2 b5 31. Re2 Kf7 32. Qxa5 hxg3+ 33. fxg3 Nf6 34. Bxf6 Rd1 35. Re1 Qc2+ 36. Kg1 gxf6 37. Rxd1 Qxd1+ 38. Kf2 Qc2+ 39. Kg1 Qxb3 40. Kf2 1/2-1/2

[Event "CAN-ch"]
[Site "Toronto CAN"]
[Date "2025.04.18"]
[Round "3.23"]
[White "Lu, Eddie"]
[Black "Xu, Leon"]
[Result "1/2-1/2"]
[WhiteElo "1889"]
[BlackElo "1969"]
[WhiteFideId "-1"]
[WhiteFideId "-1"]
[PlyCount "106"]
[GameId "2174161162121986"]
[EventDate "2025.04.17"]
[EventType "swiss"]
[EventRounds "9"]
[EventCountry "CAN"]

1. Nf3 d5 2. b3 c5 3. Bb2 Nc6 4. e3 Nf6 5. Bb5 Bg4 6. h3 Bh5 7. g4 Bg6 8. Ne5 Qc7 9. d3 Nd7 10. Bxc6 bxc6 11. f4 f6 12. Nxg6 hxg6 13. Qf3 e5 14. Nd2 Bd6 15. f5 g5 16. e4 Nb6 17. c4 Be7 18. a4 a5 19. O-O-O O-O-O 20. Nb1 Na8 21. Kc2 Qb6 22. Nc3 Nc7 23. Bc1 Na6 24. Na2 Kc7 25. Bd2 Nb4+ 26. Nxb4 cxb4 27. Be3 Bc5 28. Rhe1 Bd4 29. Kb1 dxc4 30. Bxd4 Rxd4 31. dxc4 Rhd8 32. Kc2 Rxd1 33. Rxd1 Rxd1 34. Kxd1 Qd4+ 35. Ke2 Qb2+ 36. Kd1 Qa1+ 37. Ke2 Qc1 38. Qe3 Qc2+ 39. Ke1 Kb7 40. Kf1 Qd1+ 41. Kf2 Ka6 42. Kg2 Qc2+ 43. Kf1 Qh2 44. Ke1 Kb7 45. Kf1 Kc8 46. Ke1 Qc2 47. Kf1 Kc7 48. Qa7+ Kc8 49. Qa8+ Kd7 50. Qb7+ Kd6 51. Qb8+ Ke7 52. Qc7+ Kf8 53. Qc8+ Kf7 1/2-1/2

[Event "CAN-ch"]
[Site "Toronto CAN"]
[Date "2025.04.18"]
[Round "3.24"]
[White "Cheng, Adrien"]
[Black "Li, Adam"]
[Result "1/2-1/2"]
[WhiteElo "1801"]
[BlackElo "1960"]
[WhiteFideId "-1"]
[WhiteFideId "-1"]
[PlyCount "91"]
[GameId "2174161162121987"]
[EventDate "2025.04.17"]
[EventType "swiss"]
[EventRounds "9"]
[EventCountry "CAN"]

1. f4 b5 2. Nf3 Bb7 3. e3 a6 4. b3 e6 5. Bb2 f5 6. d4 Nf6 7. Bd3 Be7 8. O-O O-O 9. Nbd2 Nc6 10. c3 Bd6 11. Qe2 Qe8 12. Rac1 Nd8 13. c4 b4 14. Ne5 c5 15. e4 fxe4 16. Nxe4 Bxe5 17. fxe5 Nxe4 18. Bxe4 cxd4 19. Bxd4 Bxe4 20. Qxe4 Nc6 21. Bc5 Rxf1+ 22. Rxf1 Qh5 23. Bxb4 Qxe5 24. Qf3 h6 25. Bc3 Qc5+ 26. Qf2 Qxf2+ 27. Rxf2 Rf8 28. Kf1 g5 29. b4 Rb8 30. a3 e5 31. Rf6 Kg7 32. Rd6 Rb7 33. Rd5 Kf6 34. b5 axb5 35. cxb5 Nd4 36. Bxd4 exd4 37. a4 Ke6 38. Rxd4 d5 39. Ke2 Kd6 40. h4 Kc5 41. Rg4 Re7+ 42. Kd3 Re5 43. hxg5 hxg5 44. Rg3 Re4 45. Rxg5 Rxa4 46. b6 1/2-1/2

[Event "CAN-ch"]
[Site "Toronto CAN"]
[Date "2025.04.18"]
[Round "3.25"]
[White "Gao, Heye"]
[Black "Malakhovets, Sergey"]
[Result "1-0"]
[WhiteElo "2003"]
[BlackElo "1969"]
[WhiteFideId "-1"]
[WhiteFideId "-1"]
[PlyCount "125"]
[GameId "2174161162121988"]
[EventDate "2025.04.17"]
[EventType "swiss"]
[EventRounds "9"]
[EventCountry "CAN"]

1. e4 c6 2. d4 d5 3. exd5 cxd5 4. Bd3 Nc6 5. c3 Nf6 6. Bf4 Bg4 7. Qb3 Qd7 8. Nd2 e6 9. Ngf3 Bd6 10. Bxd6 Qxd6 11. O-O O-O 12. Rfe1 Bxf3 13. Nxf3 Qc7 14. Qc2 g6 15. g3 Rab8 16. Kg2 b5 17. b4 Ne7 18. a4 bxa4 19. Rxa4 Rfc8 20. Ra3 Re8 21. h4 Kg7 22. Qd2 Nc8 23. Ne5 Nd6 24. Rea1 Rb7 25. f3 Re7 26. g4 Nc4 27. Bxc4 dxc4 28. h5 Nd7 29. Nxd7 Rxd7 30. hxg6 fxg6 31. Qe3 Re7 32. Ra6 Qd7 33. Qe5+ Kg8 34. Rd6 Qe8 35. Raa6 Kf7 36. g5 Rb5 37. Qf6+ Kg8 38. Rxe6 Rxe6 39. Rxe6 Qf8 40. f4 Rf5 41. Qxf8+ Kxf8 42. Kf3 a5 43. bxa5 Rxa5 44. Rc6 Ke7 45. Rxc4 Kd7 46. Ke4 Ra1 47. Ke5 Re1+ 48. Kf6 Re6+ 49. Kg7 Re7+ 50. Kg8 Kd6 51. Rc5 Rb7 52. Re5 Rc7 53. Rc5 Re7 54. c4 Ra7 55. Rd5+ Ke6 56. Re5+ Kd6 57. c5+ Kc6 58. f5 gxf5 59. Rxf5 Rd7 60. Rf6+ Kb5 61. Rb6+ Kc4 62. Rd6 Rc7 63. c6 1-0

[Event "CAN-ch"]
[Site "Toronto CAN"]
[Date "2025.04.18"]
[Round "3.26"]
[White "Mok, Yuen Tak"]
[Black "Trofimov-Malyshkin, Valentyn"]
[Result "1/2-1/2"]
[WhiteElo "1948"]
[BlackElo "1982"]
[WhiteFideId "-1"]
[WhiteFideId "-1"]
[PlyCount "141"]
[GameId "2174161162130181"]
[EventDate "2025.04.17"]
[EventType "swiss"]
[EventRounds "9"]
[EventCountry "CAN"]

1. e4 e6 2. d4 d5 3. e5 c5 4. c3 Nc6 5. Nf3 Qb6 6. a3 c4 7. Nbd2 Na5 8. Rb1 Bd7 9. h4 Bb5 10. Be2 Qc6 11. b3 cxb3 12. Bxb5 Qxb5 13. Nxb3 Nxb3 14. Qxb3 Qxb3 15. Rxb3 b6 16. Nd2 Ne7 17. Rh3 Rc8 18. Rb1 h5 19. Rf3 Nf5 20. g3 Be7 21. a4 O-O 22. Nb3 Rc4 23. a5 Rfc8 24. axb6 axb6 25. Bd2 f6 26. exf6 gxf6 27. Nc1 R8c6 28. Nd3 Ra4 29. Nf4 Ng7 30. Kd1 Bd8 31. Nd3 Rc8 32. Nb4 Ra5 33. Nd3 Ra3 34. Rb4 Rc6 35. Kc2 Be7 36. Rb3 Nf5 37. Kb2 Rxb3+ 38. Kxb3 Nd6 39. Nf4 Ne4 40. Be1 b5 41. Nxh5 e5 42. dxe5 fxe5 43. Rf5 Re6 44. Kc2 Nd6 45. Rf3 Nc4 46. Rd3 Rd6 47. f3 Ra6 48. Kb1 Nb6 49. Rd2 Kf7 50. g4 b4 51. Ra2 Rxa2 52. Kxa2 bxc3 53. Bxc3 d4 54. Be1 Nd5 55. Kb3 Ne3 56. g5 Nf5 57. Kc4 Kg6 58. Ng3 Nxh4 59. f4 Ng2 60. Bd2 Nxf4 61. Bxf4 exf4 62. Ne4 Bxg5 63. Kxd4 Kf5 64. Kd3 Bh4 65. Nd2 Kg4 66. Ke2 Kg3 67. Nf1+ Kg2 68. Ne3+ Kg3 69. Nf1+ Kg4 70. Ne3+ fxe3 71. Kxe3 1/2-1/2

[Event "CAN-ch"]
[Site "Toronto CAN"]
[Date "2025.04.18"]
[Round "3.27"]
[White "Malakar, Saarthak"]
[Black "Wang, Nathan"]
[Result "1/2-1/2"]
[WhiteElo "1930"]
[BlackElo "1977"]
[WhiteFideId "-1"]
[WhiteFideId "-1"]
[PlyCount "84"]
[GameId "2174161162130182"]
[EventDate "2025.04.17"]
[EventType "swiss"]
[EventRounds "9"]
[EventCountry "CAN"]

1. d4 Nf6 2. Nf3 g6 3. g3 Bg7 4. Bg2 d5 5. c4 c6 6. O-O O-O 7. Nbd2 a5 8. Qc2 Bf5 9. Qb3 Qc8 10. Ne5 Rd8 11. cxd5 cxd5 12. Ndf3 Nc6 13. Bf4 a4 14. Qa3 Kf8 15. Rfc1 h6 16. h4 Qe6 17. Nxc6 bxc6 18. Ne5 Rdc8 19. Qe3 h5 20. Rc5 Ng4 21. Nxg4 Bxg4 22. Bf3 Qxe3 23. fxe3 Bd7 24. Rd1 f6 25. e4 e6 26. exd5 cxd5 27. e4 e5 28. Bd2 dxe4 29. Bxe4 Rab8 30. Rxc8+ Bxc8 31. dxe5 f5 32. Bc6 Bxe5 33. Bg5 Ba6 34. Rd7 Bxb2 35. Bxa4 Bc4 36. a3 Kg8 37. Be7 Ra8 38. Bc6 Ra6 39. Bb7 Re6 40. Bb4 Re3 41. Rd8+ Kf7 42. Rd7+ Kg8 1/2-1/2

[Event "CAN-ch"]
[Site "Toronto CAN"]
[Date "2025.04.19"]
[Round "4.2"]
[White "Jaferian, Koosha"]
[Black "Rodrigue-Lemieux, Shawn"]
[Result "0-1"]
[WhiteElo "2293"]
[BlackElo "2505"]
[WhiteFideId "-1"]
[WhiteFideId "-1"]
[PlyCount "140"]
[GameId "2170886164653410"]
[EventDate "2025.04.17"]
[EventType "swiss"]
[EventRounds "9"]
[EventCountry "CAN"]

1. d4 d5 2. c4 e6 3. Nf3 a6 4. Bg5 Be7 5. Bxe7 Qxe7 6. cxd5 exd5 7. Nc3 Nf6 8. Qc2 O-O 9. e3 b6 10. Be2 Nbd7 11. O-O Bb7 12. a4 Rac8 13. a5 b5 14. Qb3 Ne4 15. Rfc1 Rfe8 16. Rc2 c5 17. Na2 c4 18. Qb4 Qd8 19. Qe1 Nf8 20. Qb4 Ng6 21. Nd2 Ne7 22. Nxe4 dxe4 23. Qa3 Qd7 24. Nb4 Qe6 25. Rac1 Nd5 26. Nxd5 Bxd5 27. Qb4 g6 28. h3 h5 29. Rc3 Kg7 30. Bd1 Red8 31. Qa3 Rb8 32. Qb4 Rdc8 33. b3 cxb3 34. Bxb3 Bxb3 35. Rxc8 Rxc8 36. Rxc8 Qxc8 37. Qxb3 Qc1+ 38. Kh2 Qc7+ 39. g3 Qc4 40. Qa3 b4 41. Qa4 Qf1 42. Qa2 b3 43. Qb2 Qc4 44. d5+ f6 45. d6 Kf7 46. d7 Ke7 47. d8=B+ Kxd8 48. Qxf6+ Kd7 49. Qb6 Qe6 50. Qb7+ Ke8 51. Qb8+ Kf7 52. h4 Kg7 53. Qc7+ Qf7 54. Qc3+ Kh7 55. Kg1 Qb7 56. Qb2 Qb4 57. Kg2 Kg8 58. Qf6 b2 59. Qxg6+ Kf8 60. Qf6+ Ke8 61. Qe6+ Kd8 62. Qd5+ Kc7 63. Qe5+ Kc6 64. Qe6+ Kc5 65. Qe5+ Kc4 66. Qxe4+ Kc3 67. Qb1 Qc4 68. Qg6 Qd3 69. Qf6+ Kc2 70. Qc6+ Kd2 0-1

[Event "CAN-ch"]
[Site "Toronto CAN"]
[Date "2025.04.19"]
[Round "4.3"]
[White "Cummings, David"]
[Black "Noritsyn, Nikolay"]
[Result "0-1"]
[WhiteElo "2257"]
[BlackElo "2450"]
[WhiteFideId "-1"]
[WhiteFideId "-1"]
[PlyCount "76"]
[GameId "2170886164653411"]
[EventDate "2025.04.17"]
[EventType "swiss"]
[EventRounds "9"]
[EventCountry "CAN"]

1. c4 e5 2. Nc3 Nf6 3. Nf3 Nc6 4. g3 d5 5. cxd5 Nxd5 6. Bg2 Nf6 7. O-O h6 8. b4 e4 9. Ne1 Bxb4 10. Nxe4 Nxe4 11. Bxe4 O-O 12. Rb1 a5 13. d3 Re8 14. Be3 Ra6 15. Bg2 Bf8 16. Nc2 Qd7 17. a3 a4 18. d4 Na5 19. Nb4 Rg6 20. d5 h5 21. Qd3 h4 22. Nc2 hxg3 23. fxg3 Nb3 24. Kh1 b6 25. Be4 Rxe4 26. Qxe4 Bb7 27. Rbd1 Rd6 28. Kg1 Bxd5 29. Qf4 Qe8 30. Nb4 Bb7 31. Rxd6 Bxd6 32. Qf2 Nc5 33. Bd4 Nb3 34. e3 f6 35. h4 Qe4 36. Qc2 c5 37. Bxf6 cxb4 38. Qxe4 Bxe4 0-1

[Event "CAN-ch"]
[Site "Toronto CAN"]
[Date "2025.04.19"]
[Round "4.4"]
[White "Sambuev, Bator"]
[Black "Atanasov, Anthony"]
[Result "1-0"]
[WhiteElo "2429"]
[BlackElo "2413"]
[WhiteFideId "-1"]
[WhiteFideId "-1"]
[PlyCount "83"]
[GameId "2170886164653412"]
[EventDate "2025.04.17"]
[EventType "swiss"]
[EventRounds "9"]
[EventCountry "CAN"]

1. Nf3 d5 2. e3 Nf6 3. c4 e6 4. b3 Bd6 5. Bb2 O-O 6. Be2 b6 7. O-O Bb7 8. cxd5 exd5 9. d3 c5 10. d4 Nbd7 11. Nc3 Rc8 12. dxc5 bxc5 13. Bd3 g6 14. Re1 Re8 15. Rc1 Re6 16. Ng5 Re7 17. Bb5 a6 18. Bxd7 Rxd7 19. Na4 d4 20. exd4 Bf4 21. Rxc5 Rxc5 22. Nxc5 Bxg5 23. Nxd7 Qxd7 24. d5 h5 25. Qd4 Kh7 26. h4 Bxh4 27. Qxh4 Qxd5 28. f3 g5 29. Qd4 Qxd4+ 30. Bxd4 Nd5 31. Re8 Bc6 32. Rc8 Bb5 33. Rc5 Nf4 34. Be3 Ne6 35. Rd5 Kg6 36. a4 Bc6 37. Rd6 Bb7 38. b4 g4 39. Rb6 Bc8 40. a5 Kf5 41. b5 axb5 42. a6 1-0

[Event "CAN-ch"]
[Site "Toronto CAN"]
[Date "2025.04.19"]
[Round "4.5"]
[White "Yang, Ryan"]
[Black "Plotkin, Mark"]
[Result "1-0"]
[WhiteElo "2350"]
[BlackElo "2349"]
[WhiteFideId "-1"]
[WhiteFideId "-1"]
[PlyCount "67"]
[GameId "2170886164653413"]
[EventDate "2025.04.17"]
[EventType "swiss"]
[EventRounds "9"]
[EventCountry "CAN"]

1. e4 g6 2. d4 Bg7 3. Nc3 d6 4. Be3 a6 5. Qd2 b5 6. f3 Bb7 7. h4 h5 8. Nh3 Nd7 9. Ng5 Ngf6 10. a4 b4 11. Ne2 c5 12. c3 bxc3 13. Nxc3 cxd4 14. Bxd4 O-O 15. Bc4 Rc8 16. Ba2 Nb6 17. Rd1 a5 18. Qe2 Rc6 19. Qb5 e6 20. Bxe6 fxe6 21. Nxe6 Qc8 22. Nxf8 Kxf8 23. Bxb6 Rxc3 24. bxc3 Qxc3+ 25. Kf2 Bc6 26. Qe2 Bxa4 27. Rxd6 Nd7 28. Be3 Ne5 29. Rc1 Qb3 30. Rd8+ Ke7 31. Rd5 Nc6 32. Qd3 Qb2+ 33. Qd2 Nb4 34. Rc7+ 1-0

[Event "CAN-ch"]
[Site "Toronto CAN"]
[Date "2025.04.19"]
[Round "4.7"]
[White "Mendes, Aaron Reeve"]
[Black "Kalinin, Dzmitry"]
[Result "1/2-1/2"]
[WhiteElo "2334"]
[BlackElo "2119"]
[WhiteFideId "-1"]
[WhiteFideId "-1"]
[PlyCount "199"]
[GameId "2170886164653415"]
[EventDate "2025.04.17"]
[EventType "swiss"]
[EventRounds "9"]
[EventCountry "CAN"]

1. e4 e6 2. d4 d5 3. Nd2 c5 4. Ngf3 cxd4 5. Nxd4 Nc6 6. Bb5 Nge7 7. O-O Bd7 8. Nxc6 Bxc6 9. Bd3 Ng6 10. exd5 Qxd5 11. Be4 Qd7 12. Qf3 Be7 13. Bxc6 Qxc6 14. Qxc6+ bxc6 15. Nc4 Bc5 16. g3 O-O-O 17. Be3 Bxe3 18. fxe3 f6 19. Rad1 Kc7 20. Rd3 Rd5 21. Rfd1 Rhd8 22. Kf2 Rxd3 23. cxd3 e5 24. Ke2 Nf8 25. b4 Ne6 26. Rc1 Rb8 27. a3 Rb5 28. Na5 c5 29. Nb3 Kd6 30. Rc4 cxb4 31. axb4 Nc7 32. Na5 Nd5 33. Rc6+ Kd7 34. Ra6 Rxb4 35. Rxa7+ Ke6 36. Rxg7 Rb2+ 37. Kf3 Rxh2 38. Nb7 f5 39. Nd8+ Kf6 40. Rd7 Ne7 41. Rd6+ Kg7 42. Nc6 Ng6 43. Rd7+ Kf6 44. Rd6+ Kg7 45. e4 fxe4+ 46. dxe4 h5 47. Rd7+ Kf6 48. Nd8 Ne7 49. Rd6+ Kg7 50. Ne6+ Kf7 51. Ng5+ Kg7 52. Ke3 Rg2 53. Kf3 Rh2 54. Ne6+ Kf7 55. Nc5 h4 56. Nd3 Ng6 57. Nf2 hxg3 58. Kxg3 Rh8 59. Ng4 Rh1 60. Kg2 Rh4 61. Kg3 Rh1 62. Rd7+ Ke6 63. Rg7 Ne7 64. Rg5 Nc6 65. Rg6+ Kd7 66. Kf3 Rh3+ 67. Kf2 Rh4 68. Ke3 Rh3+ 69. Kd2 Kc7 70. Nf2 Rh2 71. Ke3 Kd7 72. Nd3 Kc7 73. Nc5 Nd4 74. Kd3 Nc6 75. Ne6+ Kd7 76. Nc5+ Kc7 77. Kc3 Rh1 78. Rg7+ Kd6 79. Nb3 Re1 80. Rg6+ Kc7 81. Nd2 Rc1+ 82. Kb2 Re1 83. Kc2 Kb6 84. Nf3 Rxe4 85. Kd3 Ra4 86. Nxe5 Kc5 87. Nd7+ Kb5 88. Rg5+ Kb4 89. Nb6 Ra3+ 90. Ke4 Rh3 91. Nd5+ Kb3 92. Nf4 Rh4 93. Ke3 Nb4 94. Ne2 Kc4 95. Rg8 Rh3+ 96. Ng3 Kd5 97. Rg4 Nc6 98. Rg5+ Kc4 99. Kf4 Rh4+ 100. Ke3 1/2-1/2

[Event "CAN-ch"]
[Site "Toronto CAN"]
[Date "2025.04.19"]
[Round "4.8"]
[White "Lin, Leo"]
[Black "Song, Ethan"]
[Result "1-0"]
[WhiteElo "2119"]
[BlackElo "2291"]
[WhiteFideId "-1"]
[WhiteFideId "-1"]
[PlyCount "87"]
[GameId "2174254231854391"]
[EventDate "2025.04.17"]
[EventType "swiss"]
[EventRounds "9"]
[EventCountry "CAN"]

1. e4 e5 2. Nf3 Nc6 3. Bc4 Nf6 4. d3 Be7 5. O-O O-O 6. Re1 d6 7. a4 Be6 8. Nbd2 a5 9. c3 Re8 10. h3 Bf8 11. Bb5 Bd7 12. Nf1 Ne7 13. Bg5 c6 14. Bc4 Ng6 15. Qb3 Re7 16. Ne3 h6 17. Bxf6 gxf6 18. Rad1 Qc8 19. d4 Qc7 20. Rd2 Rae8 21. dxe5 dxe5 22. Red1 Be6 23. Nf5 Bxf5 24. exf5 Nh8 25. Nh2 h5 26. Nf1 Bh6 27. Rd6 e4 28. Ne3 Bf4 29. R6d2 Qe5 30. Rf1 Qc5 31. Rd4 h4 32. Qd1 Bg5 33. Qg4 Kh7 34. Rfd1 Rg8 35. Qh5+ Kg7 36. Rd8 Rge8 37. R1d7 Qe5 38. Rxe8 Rxe8 39. Ng4 Qb8 40. Rxf7+ Nxf7 41. Qxf7+ Kh8 42. Nxf6 Bxf6 43. Qxf6+ Kh7 44. Qg6+ 1-0